01056nam a2200217 a 4500008004100000020001500041050001600056100002200072245003200094260002800126300002200154350000900176650004000185700001900225700002000244995014800264995014700412999001700559952013500576952012700711120416s1977 ||||||||||||||||| || u a0333191676 aHF 5635 Hin aHindmarch, Arthur10aAccounting: an introduction aLondonbMacmillanc1977 axvii, 314p. : ill a0.00 0aACCOUNTING--HANDBOOKS, MANUALS, ETC aMarke, Richard aAtchison, Miles aMAIN LIBRARY OPEN ACCESSD0.00e005717FCBU-MAIN LIBRARY (Kitwe)H1I26.50jHF 5635 HinUAVAILABLEy005717ZMain Library Open Access Collection aANNEX COLLECTION (Main Library)D0.00e726548FCBU-MAIN LIBRARY (Kitwe)H2I26.50jHF 5635 HinUAVAILABLEy005718ZAnnex Low-Usage Collection  c75582d75582 00102lcc4070a001b001cMain Library Open Access Collectiond2023-03-30l0oHF 5635 Hinp005717r2023-03-30t1w2023-03-30y002 00102lcc4070a001b001cAnnex Low-Usage Collection d2023-03-30l0oHF 5635 Hinp005718r2023-03-30t2w2023-03-30y002